WHAT CUSTOMERS CRAVE HOW TO CREATE RELEV (Record no. 32805)

MARC details
000 -LEADER
fixed length control field 00360nam a2200133Ia 4500
008 - FIXED-LENGTH DATA ELEMENTS--GENERAL INFORMATION
fixed length control field 240624s9999 xx 000 0 und d
041 ## - LANGUAGE CODE
Language code of text/sound track or separate title eng
082 ## - DEWEY DECIMAL CLASSIFICATION NUMBER
Classification number 658.812 WEB
100 ## - MAIN ENTRY--PERSONAL NAME
Personal name WEBB J NICHOLAS
245 ## - TITLE STATEMENT
Title WHAT CUSTOMERS CRAVE HOW TO CREATE RELEV
260 ## - PUBLICATION, DISTRIBUTION, ETC.
Date of publication, distribution, etc. 2017
Place of publication, distribution, etc. New York
Name of publisher, distributor, etc. AMERICAN MANAGEMENT ASSOCIATION
300 ## - PHYSICAL DESCRIPTION
Extent 257p. ;23cm.
365 ## - TRADE PRICE
Currency code
Price amount 33
Holdings
Withdrawn status Lost status Damaged status Not for loan Home library Current library Shelving location Date acquired Cost, normal purchase price Total Checkouts Full call number Barcode Date due Date last seen Date last checked out Copy number Price effective from Koha item type
        IMTN IMTN Rack 37-A 01/13/2022 25.00 3 658.812 WEB 32805 01/22/2026 01/12/2026 01/12/2026 78.2 06/24/2024 Books
Designed & Maintained by: LRC IMT Nagpur Contact: lrc@imtnag.ac.in© 2024. All Rights Reserved.